[Event "Lezajsk Merlin 1st"]
[Site "Lezajsk"]
[Date "2021.08.07"]
[Round "5"]
[White "Gaj, Szymon"]
[Black "Bojczewski, Mateusz"]
[Result "1-0"]
[WhiteElo "1898"]
[BlackElo "1922"]
[PlyCount "45"]
[EventDate "2021.08.04"]
[EventType "swiss"]
[EventRounds "9"]
[EventCountry "POL"]
[SourceTitle "CBM 203 Extra"]
[Source "ChessBase"]
[SourceDate "2021.09.30"]
[SourceVersion "1"]
[SourceVersionDate "2021.09.30"]
[SourceQuality "1"]

1. d4 Nf6 2. c4 e6 3. Nc3 d5 4. cxd5 exd5 5. Bg5 c6 6. Qc2 Bg4 7. e3 Nbd7 8. Bd3 Bh5 9. Nge2 Bg6 10. 0-0 Bxd3 11. Qxd3 Bd6 12. e4 dxe4 13. Nxe4 Be7 14. N2g3 0-0 15. Nf5 Nd5 16. Nxe7+ Nxe7 17. Qb3 Nb6 18. Rfe1 Qc7 19. Qf3 Nbd5 20. h4 b6 21. h5 h6 22. Bh4 Qf4 23. Qxf4 1-0

[Event "Subcarpathian-chT"]
[Site "Bystre"]
[Date "2021.06.09"]
[Round "1.22"]
[White "Gluch, Pawel"]
[Black "Gaj, Szymon"]
[Result "0-1"]
[WhiteElo "1654"]
[BlackElo "1838"]
[PlyCount "68"]
[EventDate "2021.06.09"]
[EventType "team-tourn"]
[EventRounds "9"]
[EventCountry "POL"]
[SourceTitle "EXT 2022"]
[Source "ChessBase"]
[SourceDate "2021.10.06"]
[SourceVersion "1"]
[SourceVersionDate "2021.10.06"]
[SourceQuality "1"]

1. e4 c5 2. Nf3 d6 3. d4 cxd4 4. Qxd4 a6 5. Be3 Nc6 6. Qd2 Nf6 7. Nc3 b5 8. a3 g6 9. Rd1 Bg4 10. Be2 Bg7 11. 0-0 0-0 12. Bh6 Bxf3 13. Bxf3 Ne5 14. Be2 Rc8 15. Bxg7 Kxg7 16. Kh1 Nc4 17. Bxc4 bxc4 18. Qd4 Kg8 19. f4 Qa5 20. e5 dxe5 21. fxe5 Rfd8 22. Qf4 Rxd1 23. Nxd1 Nd5 24. Qxf7+ Kh8 25. c3 Rd8 26. h3 Qc7 27. Re1 Qb7 28. Re4 Qa8 29. Rh4 Nf6 30. exf6 Rxd1+ 31. Kh2 Qb8+ 32. g3 Rd2+ 33. Kh1 Qb7+ 34. Kg1 Qg2# 0-1

[Event "Senica op 6th"]
[Site "Senica"]
[Date "2015.08.28"]
[Round "2"]
[White "Danada, Ondrej"]
[Black "Gaj, Szymon"]
[Result "1-0"]
[WhiteElo "1911"]
[BlackElo "1821"]
[PlyCount "139"]
[EventDate "2015.08.27"]
[EventType "swiss"]
[EventRounds "7"]
[EventCountry "SVK"]
[SourceTitle "EXT 2016"]
[Source "ChessBase"]
[SourceDate "2015.10.08"]
[SourceVersion "1"]
[SourceVersionDate "2015.10.08"]
[SourceQuality "1"]

1. d4 d5 2. c4 e6 3. Nc3 f5 4. Nf3 c6 5. g3 Nf6 6. Bg2 Bd6 7. 0-0 0-0 8. Rb1 Ne4 9. Qc2 b6 10. b4 Bb7 11. c5 Bc7 12. Nxe4 fxe4 13. Ng5 Qf6 14. Be3 h6 15. Nh3 Nd7 16. f3 exf3 17. Rxf3 Qe7 18. Nf4 Rf6 19. Ng6 Qf7 20. Rxf6 Nxf6 21. Rf1 bxc5 22. bxc5 Re8 23. Ne5 Qh5 24. Bf3 Qf5 25. Qb3 Ba8 26. Bxd5 Qh3 27. Bg2 Qh5 28. Bf3 Qh3 29. Bg2 Qh5 30. Nf3 Ng4 31. Bf4 Bxf4 32. gxf4 Kh8 33. h3 Nf6 34. Qe3 Nd5 35. Qe5 Qf7 36. Nh4 Bb7 37. Be4 Ne7 38. Qc7 Qf6 39. Qxb7 Qxh4 40. Qd7 Rf8 41. Qxe6 Qg3+ 42. Bg2 Nf5 43. Rf3 Qe1+ 44. Rf1 Qc3 45. Qxc6 Qxd4+ 46. Kh2 Ne3 47. Rf3 Nxg2 48. Kxg2 Rxf4 49. Rxf4 Qxf4 50. Qd5 g5 51. c6 g4 52. Qd8+ Kg7 53. Qd7+ Kh8 54. Qxg4 Qe5 55. Qc8+ Kg7 56. Qd7+ Kf6 57. Qd8+ Kg7 58. Qd7+ Kh8 59. Kf3 Qc3+ 60. Ke4 Qc2+ 61. Kd5 Qxa2+ 62. Kd6 Qd2+ 63. Kc7 Qxe2 64. Kb8 Qe5+ 65. Qc7 Qb5+ 66. Qb7 Qe5+ 67. Ka8 a5 68. c7 a4 69. c8Q+ Qe8 70. Qxe8# 1-0

[Event "POL-chT U19 46th"]
[Site "Ustron"]
[Date "2015.07.31"]
[Round "7.3"]
[White "Posluszny, Tomasz"]
[Black "Gaj, Szymon"]
[Result "1/2-1/2"]
[WhiteElo "1440"]
[BlackElo "1821"]
[PlyCount "98"]
[EventDate "2015.07.25"]
[EventType "team-tourn"]
[EventRounds "9"]
[EventCountry "POL"]
[SourceTitle "EXT 2018"]
[Source "ChessBase"]
[SourceDate "2017.10.13"]
[SourceVersion "1"]
[SourceVersionDate "2017.10.13"]
[SourceQuality "1"]
[WhiteTeam "Rybnik MKSz U19"]
[BlackTeam "Czarna LKSz GCKiP U19"]
[WhiteTeamCountry "POL"]
[BlackTeamCountry "POL"]

1. d4 Nf6 2. c4 c5 3. d5 b5 4. cxb5 a6 5. b6 Qxb6 6. Nc3 d6 7. e4 g6 8. Nf3 Bg7 9. Be2 0-0 10. 0-0 Nbd7 11. a4 a5 12. Bb5 Bb7 13. Nd2 Rfb8 14. Nc4 Qc7 15. Bd2 Nb6 16. Qe2 Nxc4 17. Qxc4 Ng4 18. h3 Ne5 19. Qe2 Nd7 20. Rad1 Nb6 21. b3 Nc8 22. Qd3 Na7 23. Bc4 Qb6 24. f4 Nc8 25. Kh1 Ba6 26. Nb5 Qb7 27. Qe2 Na7 28. Nxa7 Qxa7 29. Rb1 Rb6 30. Rfe1 Rab8 31. Bxa5 Bxc4 32. Bxb6 Rxb6 33. Qxc4 Rb4 34. Qd3 Qa5 35. Qd2 Qb6 36. Qa2 Qa5 37. Qd2 Qb6 38. Qa2 Qa5 39. Qd2 Rxa4 40. Qxa5 Rxa5 41. Kg1 Bc3 42. Re2 Rb5 43. Rc2 Bd4+ 44. Kf1 Kg7 45. Ke2 Kf6 46. Kd3 e6 47. dxe6 fxe6 48. g4 Rb4 49. e5+ Ke7 1/2-1/2

[Event "POL-chT U19 46th"]
[Site "Ustron"]
[Date "2015.07.28"]
[Round "4.3"]
[White "Gaj, Szymon"]
[Black "Chyzy, Jakub"]
[Result "0-1"]
[WhiteElo "1821"]
[BlackElo "1565"]
[PlyCount "166"]
[EventDate "2015.07.25"]
[EventType "team-tourn"]
[EventRounds "9"]
[EventCountry "POL"]
[SourceTitle "EXT 2018"]
[Source "ChessBase"]
[SourceDate "2017.10.13"]
[SourceVersion "1"]
[SourceVersionDate "2017.10.13"]
[SourceQuality "1"]
[WhiteTeam "Czarna LKSz GCKiP U19"]
[BlackTeam "Gorzow Wielkopolski Stilon U19"]
[WhiteTeamCountry "POL"]
[BlackTeamCountry "POL"]

1. d4 d5 2. c4 e6 3. Nc3 Nf6 4. cxd5 exd5 5. Bg5 Nbd7 6. Qc2 Be7 7. e3 0-0 8. Bd3 Re8 9. Nge2 c6 10. 0-0 Nf8 11. f3 Be6 12. e4 dxe4 13. fxe4 Ng4 14. Bxe7 Qxe7 15. Rf3 c5 16. d5 c4 17. dxe6 Qxe6 18. Nf4 Qb6+ 19. Kh1 cxd3 20. Nxd3 Qc7 21. Nf4 Ne6 22. Qd2 Rad8 23. Ncd5 Qe5 24. Rg3 Nxf4 25. Qxf4 Qxf4 26. Nxf4 Nf2+ 27. Kg1 Nxe4 28. Ra3 a6 29. Rb3 Nc5 30. Rc3 Ne6 31. Nxe6 Rxe6 32. Rc7 b5 33. Rf1 Re2 34. Rfxf7 Rd1+ 35. Rf1 Rxf1+ 36. Kxf1 Rxb2 37. Rc8+ Kf7 38. Rc7+ Kf8 39. Rc8+ Ke7 40. Rc7+ Kd6 41. Rxg7 Rxa2 42. Rxh7 Ke6 43. Rb7 Kf5 44. Rb6 Kg5 45. h3 Kf4 46. g4 Kg5 47. Rb8 Rh2 48. Rg8+ Kf6 49. g5+ Kf5 50. g6 Rxh3 51. g7 Kg6 52. Rh8 Rf3+ 53. Ke2 Kxg7 54. Ra8 Ra3 55. Kd2 b4 56. Kc2 Kf6 57. Kb2 Ke5 58. Rd8 a5 59. Rh8 Kd5 60. Rh4 Kc5 61. Rh5+ Kc4 62. Rg5 Rb3+ 63. Kc2 Rc3+ 64. Kb2 a4 65. Rg8 a3+ 66. Ka2 Rc2+ 67. Kb1 Kb3 68. Rg3+ Rc3 69. Rg1 Rd3 70. Ka1 Rd2 71. Rb1+ Rb2 72. Rg1 Rh2 73. Rb1+ Kc3 74. Rc1+ Rc2 75. Rh1 b3 76. Rh3+ Kb4 77. Rh4+ Rc4 78. Rh1 a2 79. Kb2 Rc2+ 80. Ka1 Ka3 81. Rb1 b2+ 82. Rxb2 Rc1+ 83. Rb1 Rxb1# 0-1

[Event "Podkarpackie-ch"]
[Site "Pstragowa"]
[Date "2015.01.04"]
[Round "5"]
[White "Mis, Mieszko"]
[Black "Gaj, Szymon"]
[Result "1-0"]
[WhiteElo "1819"]
[BlackElo "1753"]
[PlyCount "91"]
[EventDate "2015.01.03"]
[EventType "swiss"]
[EventRounds "9"]
[EventCountry "POL"]
[SourceTitle "EXT 2019"]
[Source "ChessBase"]
[SourceDate "2018.10.10"]
[SourceVersion "1"]
[SourceVersionDate "2018.10.10"]
[SourceQuality "1"]

1. e4 c5 2. Nf3 d6 3. d4 cxd4 4. Qxd4 Nc6 5. Bb5 Bd7 6. Bxc6 Bxc6 7. Nc3 Nf6 8. Bg5 e6 9. 0-0-0 Be7 10. Qd3 0-0 11. Nd4 Qa5 12. f4 Rfe8 13. h4 Ng4 14. Qg3 h5 15. Nxc6 bxc6 16. Bxe7 Rxe7 17. Rxd6 Qb6 18. Rhd1 Rb7 19. Na4 Qb4 20. Qb3 Nf2 21. Qxb4 Rxb4 22. R1d4 Nxe4 23. Rd8+ Rxd8 24. Rxb4 Nf2 25. Nc3 Ng4 26. Re4 Kf8 27. Ra4 Rd7 28. Ra6 Ne3 29. g3 Nf1 30. Ne2 Rd2 31. Nc3 Rh2 32. Rxa7 Nxg3 33. a4 Rxh4 34. a5 Rh1+ 35. Nd1 h4 36. Rd7 Ke8 37. Rd2 Rf1 38. a6 Rxf4 39. b3 Rf5 40. b4 Ne2+ 41. Rxe2 Rd5 42. Rd2 h3 43. a7 Rxd2 44. Kxd2 h2 45. a8Q+ Ke7 46. Qxc6 1-0

[Event "POL Olympiad U14"]
[Site "Spala"]
[Date "2014.12.30"]
[Round "6.12"]
[White "Bilczewski, Kacper"]
[Black "Gaj, Szymon"]
[Result "1/2-1/2"]
[WhiteElo "1801"]
[BlackElo "1544"]
[PlyCount "98"]
[EventDate "2014.04.06"]
[EventType "swiss"]
[EventRounds "9"]
[EventCountry "POL"]
[SourceTitle "EXT 2023"]
[Source "ChessBase"]
[SourceDate "2022.10.05"]
[SourceVersion "1"]
[SourceVersionDate "2022.10.05"]
[SourceQuality "1"]

1. e4 c5 2. c3 e5 3. Nf3 Nc6 4. Bc4 Nf6 5. Ng5 d5 6. exd5 Na5 7. Bb5+ Bd7 8. Bxd7+ Qxd7 9. 0-0 Bd6 10. d4 cxd4 11. cxd4 0-0 12. Nc3 Rad8 13. Nge4 Nxe4 14. Nxe4 Bb8 15. Nc3 exd4 16. Qxd4 Nc6 17. Qe4 Qd6 18. g3 Rfe8 19. Qg2 Ne5 20. Bf4 Qb4 21. Rab1 h6 22. a3 Qb3 23. Bxe5 Bxe5 24. Qf3 b6 25. Rfd1 Bxc3 26. Qxc3 Qb5 27. Qd4 Rd6 28. Rd2 Re2 29. Rxe2 Qxe2 30. Rd1 Rf6 31. Rd2 Qe1+ 32. Kg2 Rd6 33. Rc2 Qe7 34. Rc8+ Kh7 35. Rc6 Rd7 36. Qd3+ g6 37. d6 Qe5 38. b4 Kg7 39. b5 Kh7 40. Qc4 Kg8 41. Qd3 Kh7 42. f4 Qb2+ 43. Rc2 Rxd6 44. Qc4 Rd2+ 45. Rxd2 Qxd2+ 46. Kf3 Kg7 47. h4 Qb2 48. a4 Qa3+ 49. Kg2 Qb2+ 1/2-1/2

[Event "POL Olympiad U14"]
[Site "Spala"]
[Date "2014.12.30"]
[Round "2.17"]
[White "Gaj, Szymon"]
[Black "Raczynski, Krzysztof"]
[Result "0-1"]
[WhiteElo "1544"]
[BlackElo "1634"]
[PlyCount "80"]
[EventDate "2014.04.06"]
[EventType "swiss"]
[EventRounds "9"]
[EventCountry "POL"]
[SourceTitle "EXT 2023"]
[Source "ChessBase"]
[SourceDate "2022.10.05"]
[SourceVersion "1"]
[SourceVersionDate "2022.10.05"]
[SourceQuality "1"]

1. d4 Nf6 2. c4 g6 3. Nc3 Bg7 4. e4 d6 5. Bd3 0-0 6. Nge2 e5 7. d5 Ne8 8. 0-0 f5 9. f4 Na6 10. Be3 Nf6 11. fxe5 Ng4 12. Qd2 Nxe3 13. Qxe3 dxe5 14. c5 f4 15. Qf2 Nb4 16. Bb1 Qg5 17. a3 Na6 18. Kh1 Bg4 19. Ng1 Qh5 20. Ba2 Kh8 21. b4 Bf6 22. Nf3 Rad8 23. h3 g5 24. Kg1 Bc8 25. b5 Nb8 26. c6 b6 27. d6 Rxd6 28. Nd5 g4 29. hxg4 Bxg4 30. Nxc7 Be7 31. Qb2 Bxf3 32. Rxf3 Rd3 33. Rf2 Bc5 34. Ne6 Rg8 35. Nxc5 Rh3 36. Rxf4 Rh1+ 37. Kf2 Rxg2+ 38. Kxg2 Qh2+ 39. Kf3 Qxf4+ 40. Ke2 Rh2+ 0-1

[Event "POL Olympiad U14"]
[Site "Spala"]
[Date "2014.12.30"]
[Round "3.21"]
[White "Laszczak, Przemyslaw"]
[Black "Gaj, Szymon"]
[Result "0-1"]
[WhiteElo "1625"]
[BlackElo "1544"]
[PlyCount "125"]
[EventDate "2014.04.06"]
[EventType "swiss"]
[EventRounds "9"]
[EventCountry "POL"]
[SourceTitle "EXT 2023"]
[Source "ChessBase"]
[SourceDate "2022.10.05"]
[SourceVersion "1"]
[SourceVersionDate "2022.10.05"]
[SourceQuality "1"]

1. d4 g6 2. c4 Bg7 3. e4 c5 4. d5 d6 5. Nc3 Bxc3+ 6. bxc3 Qa5 7. Qc2 f5 8. f3 fxe4 9. fxe4 Nf6 10. Bd3 Nbd7 11. Nf3 Nb6 12. 0-0 Bd7 13. e5 dxe5 14. Nxe5 Rf8 15. Bh6 Rg8 16. Rae1 0-0-0 17. d6 Ba4 18. Qc1 Rxd6 19. Be2 Nbd7 20. Bf4 Nxe5 21. Bxe5 Re6 22. Bxf6 Rxf6 23. Bg4+ Kb8 24. Rxe7 Rxf1+ 25. Kxf1 Rf8+ 26. Kg1 Bc6 27. Qe1 Qxa2 28. Bf3 Qa6 29. Qe5+ Ka8 30. Re6 Qa1+ 31. Kf2 Qa2+ 32. Kg1 Qb1+ 33. Kf2 Qf5 34. Qe2 a6 35. Re5 Qf4 36. h3 Bxf3 37. gxf3 Qh2+ 38. Ke1 Qxe2+ 39. Kxe2 Rf5 40. Re4 a5 41. Rg4 Ka7 42. Rg1 Rh5 43. Rh1 Kb6 44. f4 a4 45. Kf3 Ka5 46. Kg4 Rf5 47. Rd1 h5+ 48. Kg3 a3 49. Rd7 a2 50. Rd8 Ka4 51. Ra8+ Kb3 52. Ra7 b6 53. Ra6 Rf6 54. Kh4 Kb2 55. Kg5 Rd6 56. f5 gxf5 57. Kxh5 a1Q 58. Rxa1 Kxa1 59. Kg5 Kb2 60. h4 Kxc3 61. h5 Kxc4 62. h6 Rxh6 63. Kxh6 0-1

[Event "POL-chT U19 2nd League"]
[Site "Borowice"]
[Date "2012.07.28"]
[Round "10"]
[White "Gaj, Szymon"]
[Black "Modlich, Piotr"]
[Result "0-1"]
[WhiteElo "1247"]
[BlackElo "1447"]
[PlyCount "52"]
[EventDate "2012.07.21"]
[EventType "team-swiss"]
[EventRounds "11"]
[EventCountry "POL"]
[SourceTitle "EXT 2014"]
[Source "ChessBase"]
[SourceDate "2013.11.20"]
[SourceVersion "1"]
[SourceVersionDate "2013.11.20"]
[SourceQuality "1"]
[WhiteTeam "Rzeszow RzKSz U19"]
[BlackTeam "Gliwice Akademia Szachowa U19"]
[WhiteTeamCountry "POL"]
[BlackTeamCountry "POL"]

1. d4 d5 2. c4 e6 3. Nc3 Nf6 4. cxd5 exd5 5. Bg5 Be7 6. Qc2 c6 7. e3 0-0 8. Bd3 Nbd7 9. Nf3 Re8 10. 0-0 Nf8 11. a3 Ng6 12. b4 a6 13. Rfb1 Bd6 14. a4 h6 15. Bxg6 fxg6 16. Bh4 Bf5 17. e4 dxe4 18. Ne1 e3 19. Nd3 exf2+ 20. Bxf2 Ng4 21. h3 Nxf2 22. Qa2+ Kh7 23. Nxf2 Bxb1 24. Rxb1 Qe7 25. Qb3 Qe1+ 26. Rxe1 Rxe1# 0-1

[Event "POL-chT U19 2nd League"]
[Site "Borowice"]
[Date "2012.07.26"]
[Round "8"]
[White "Gaj, Szymon"]
[Black "Szulc, Patrycja"]
[Result "1-0"]
[WhiteElo "1247"]
[BlackElo "1412"]
[PlyCount "161"]
[EventDate "2012.07.21"]
[EventType "team-swiss"]
[EventRounds "11"]
[EventCountry "POL"]
[SourceTitle "EXT 2014"]
[Source "ChessBase"]
[SourceDate "2013.11.20"]
[SourceVersion "1"]
[SourceVersionDate "2013.11.20"]
[SourceQuality "1"]
[WhiteTeam "Rzeszow RzKSz U19"]
[BlackTeam "Wroclaw KS Polonia U19"]
[WhiteTeamCountry "POL"]
[BlackTeamCountry "POL"]

1. d4 d5 2. c4 e6 3. Nc3 Nf6 4. cxd5 exd5 5. Bg5 Be7 6. Qc2 0-0 7. e3 Nbd7 8. Bd3 Re8 9. Nf3 b6 10. Bf4 a6 11. 0-0 Bb7 12. Rac1 Rc8 13. Qe2 b5 14. a3 Ne4 15. Rc2 Ndf6 16. Rfc1 Ng4 17. Nd1 Bd6 18. Bxd6 Qxd6 19. h3 Ngf6 20. b4 Re7 21. Ne5 Nd7 22. Nc6 Re6 23. Na5 Ba8 24. Nb3 Rg6 25. f3 Ng3 26. Qf2 Rf6 27. Nc5 Ne4 28. Bxe4 dxe4 29. Nxd7 Qxd7 30. Qg3 h6 31. Rxc7 Rxc7 32. Qxc7 Qxc7 33. Rxc7 Kh7 34. f4 Bd5 35. Nc3 Bc4 36. Kf2 g5 37. g3 Bd3 38. Nd5 Rf5 39. Ne7 Rf6 40. Rc6 Rxc6 41. Nxc6 Kg6 42. Nb8 f5 43. Nxa6 h5 44. Nc5 Bc4 45. Nd7 Bd5 46. Ne5+ Kf6 47. Nd7+ Kg6 48. Nc5 g4 49. hxg4 hxg4 50. a4 bxa4 51. Nxa4 Bc6 52. Nc3 Kf6 53. Ke2 Ke7 54. Kd2 Kd6 55. Kc2 Bb7 56. Kb3 Bc6 57. Kc4 Bd7 58. d5 Bc8 59. b5 Kc7 60. Kc5 Bd7 61. b6+ Kc8 62. Nb5 Kb7 63. Nd4 Bc8 64. d6 Bd7 65. Kd5 Kxb6 66. Ke5 Kc5 67. Nxf5 Bxf5 68. Kxf5 Kxd6 69. Kxe4 Ke6 70. f5+ Kf6 71. Kf4 Kf7 72. e4 Kg7 73. Kxg4 Kh6 74. e5 Kg7 75. Kg5 Kh7 76. e6 Kg7 77. f6+ Kh7 78. e7 Kh8 79. e8Q+ Kh7 80. Qg6+ Kh8 81. Qg7# 1-0